ULTIMATE FLAG QUIZ!!! - Statistics

General Stats
  • This quiz has been taken 25 times
  • The average score is 170 of 500
Answer Stats
Picture Answer % Correct
Belize
95%
Peru
89%
Dominica
84%
Italy
84%
Lesotho
84%
Malaysia
84%
Spain
84%
Switzerland
84%
Azerbaijan
79%
Bahrain
79%
Brunei
79%
Canada
79%
Chad
79%
Democratic Republic of the Congo
79%
Ethiopia
79%
Indonesia
79%
Iraq
79%
Monaco
79%
Morocco
79%
Poland
79%
Romania
79%
Senegal
79%
Suriname
79%
Sweden
79%
Tajikistan
79%
Tonga
79%
United States
79%
Albania
74%
Algeria
74%
Angola
74%
Argentina
74%
Bhutan
74%
Bolivia
74%
Bosnia and Herzegovina
74%
Brazil
74%
Chile
74%
China
74%
Colombia
74%
Denmark
74%
Egypt
74%
Equatorial Guinea
74%
Estonia
74%
Fiji
74%
Finland
74%
Gambia
74%
Georgia
74%
Germany
74%
Ghana
74%
Guyana
74%
Haiti
74%
Honduras
74%
Hungary
74%
India
74%
Japan
74%
Jordan
74%
Kenya
74%
Kyrgyzstan
74%
Laos
74%
Mali
74%
Mauritania
74%
Mexico
74%
Mongolia
74%
Mozambique
74%
Myanmar
74%
Namibia
74%
Nepal
74%
New Zealand
74%
Nicaragua
74%
Nigeria
74%
Oman
74%
Pakistan
74%
Palau
74%
Papua New Guinea
74%
Paraguay
74%
Qatar
74%
Russia
74%
Serbia
74%
Sierra Leone
74%
Somalia
74%
St Lucia
74%
Sudan
74%
Syria
74%
Togo
74%
Tunisia
74%
Tuvalu
74%
Uganda
74%
Ukraine
74%
United Kingdom
74%
Uzbekistan
74%
Venezuela
74%
Zimbabwe
74%
Antigua and Barbuda
68%
Australia
68%
Barbados
68%
Belarus
68%
Belgium
68%
Burkina Faso
68%
Cambodia
68%
Ecuador
68%
Eritrea
68%
Guatemala
68%
Latvia
68%
Liberia
68%
Libya
68%
Lithuania
68%
Luxembourg
68%
Micronesia
68%
Niger
68%
North Korea
68%
Palestine
68%
Philippines
68%
Saudi Arabia
68%
South Africa
68%
South Korea
68%
St Kitts and Nevis
68%
St Vincent and the Grenadines
68%
Taiwan
68%
Tanzania
68%
Uruguay
68%
Vanuatu
68%
Yemen
68%
Zambia
68%
Afghanistan
63%
Andorra
63%
Armenia
63%
Austria
63%
Bahamas
63%
Bangladesh
63%
Benin
63%
Botswana
63%
Bulgaria
63%
Burundi
63%
Cameroon
63%
Cape Verde
63%
Central African Republic
63%
Comoros
63%
Costa Rica
63%
Croatia
63%
Cuba
63%
Cyprus
63%
Czechia
63%
Djibouti
63%
Dominican Republic
63%
East Timor
63%
El Salvador
63%
France
63%
Gabon
63%
Greece
63%
Grenada
63%
Guinea
63%
Guinea-Bissau
63%
Iceland
63%
Iran
63%
Ireland
63%
Israel
63%
Ivory Coast
63%
Jamaica
63%
Kazakhstan
63%
Kiribati
63%
Kosovo
63%
Kuwait
63%
Lebanon
63%
Liechtenstein
63%
Madagascar
63%
Malawi
63%
Maldives
63%
Malta
63%
Marshall Islands
63%
Mauritius
63%
Moldova
63%
Montenegro
63%
Nauru
63%
Netherlands
63%
North Macedonia
63%
Norway
63%
Panama
63%
Portugal
63%
Republic of the Congo
63%
Rwanda
63%
Samoa
63%
San Marino
63%
São Tomé and Principe
63%
Seychelles
63%
Singapore
63%
Slovakia
63%
Slovenia
63%
Solomon Islands
63%
South Sudan
63%
Sri Lanka
63%
Swaziland
63%
Thailand
63%
Trinidad and Tobago
63%
Turkey
63%
Turkmenistan
63%
United Arab Emirates
63%
Vatican City
63%
Vietnam
63%
Transnistria
58%
Cook Islands
53%
Niue
53%
Northern Cyprus
53%
Western Sahara
53%
Abkhazia
47%
Somaliland
47%
South Ossetia
47%
Artsakh
42%
Donetsk
37%
Luhansk
37%
Tibet
37%
Arewa
32%
Bougainville
32%
Hong Kong
32%
Kurdistan
32%
Macau
32%
Wallonia
32%
Adjara
26%
Ambazonia
26%
Assyria
26%
Basque
26%
Bavaria
26%
Biafra
26%
Brittany
26%
Buryatia
26%
Catalonia
26%
Corsica
26%
East Turkestan
26%
England
26%
Flanders
26%
Isle of Man
26%
Northern Ireland
26%
Sardinia
26%
Scotland
26%
Sicily
26%
South Yemen
26%
Wales
26%
Western Togoland
26%
West Papua
26%
Zanzibar
26%
Alberta
21%
Andalusia
21%
Anjouan
21%
Aragon
21%
Azad Kashmir
21%
Azawad
21%
Barotseland
21%
British Columbia
21%
Cabinda
21%
Caprivi Strip
21%
Cascadia
21%
Chuuk
21%
Cornwall
21%
Crimea
21%
Cyrenaica
21%
Dagestan
21%
Darfur
21%
Gagauzia
21%
Galicia
21%
Gibraltar
21%
Ingushetia
21%
Inner Mongolia
21%
Jammu and Kashmir
21%
Johor
21%
Kaliningrad
21%
Khalistan
21%
Kingdom of Benin
21%
Lombardy
21%
Puntland
21%
Quebec
21%
Republika Srpska
21%
Rodrigues
21%
Sabah
21%
Sakha
21%
Sarawak
21%
Saskatchewan
21%
Sikkim
21%
Udmurtia
21%
Venice
21%
Aceh
16%
Adygea
16%
Adygea
16%
Asturias
16%
Baden-Wurttemberg
16%
Balearic Islands
16%
Bali
16%
Bangsamoro
16%
Bashkortostan
16%
Chechnya
16%
Chechnya
16%
Chin
16%
Gilgit Baltistan
16%
Hokkaido
16%
Jubaland
16%
Kalmykia
16%
Karakalpakstan
16%
Katanga
16%
Manchukuo
16%
Mindanao
16%
Mordovia
16%
Normandy
16%
Novorossiya
16%
Occitania
16%
Orkney
16%
Padania
16%
Rif
16%
Saxony
16%
Shetland
16%
Szekely
16%
Tatarstan
16%
Tigray
16%
Trieste
16%
Tuscany
16%
Valencia
16%
Venda
16%
Yorkshire
16%
Alsace
11%
Balochistan
11%
Balochistan
11%
Barbuda
11%
Cordillera
11%
Karelia
11%
Knights Hospitaller
11%
Logone
11%
Mari El
11%
Mohéli
11%
Mon
11%
Moravia
11%
Nagaland
11%
Nakhchivan
11%
Ogaden
11%
Rehoboth
11%
Ryukyu
11%
Sindhudesh
11%
South Azerbaijan
11%
South Kasai
11%
South Tyrol
11%
Tamil Eelam
11%
Transylvania
11%
Afar
5%
Aosta Valley
5%
Bornholm
5%
Casamance
5%
Cynon
5%
Frisia
5%
Friuli
5%
Gozo
5%
Greater Poland
5%
Herzeg-Bosnia
5%
Idel-Ural
5%
Isle of Wight
5%
Istria
5%
Kachin
5%
Krasnodar
5%
Krasnoyarsk
5%
Leningrad
5%
Leon
5%
London
5%
Mercia
5%
Mombasa
5%
Northern Caucus
5%
Northumbria
5%
Okinawa
5%
Oromo
5%
Pattani
5%
Sandzak
5%
Savoy
5%
Scania
5%
Shan
5%
Siberia
5%
Silesia
5%
Wessex
5%
Western Canada
5%
Zambesia
5%
Zulu
5%
Acholi
0%
Alpes-Maritimes
0%
Amhara
0%
Amur
0%
Andhra
0%
Annobon
0%
Arakan
0%
Arkhangelsk
0%
Assam
0%
Bakassi
0%
Banat
0%
Bangabhumi
0%
Bas-Congo
0%
Bashu
0%
Beja
0%
Bektashi
0%
Bioko
0%
Bodoland
0%
Bundelkhand
0%
Canvey
0%
Cape Republic
0%
Cartagena
0%
Chagos Islands
0%
Chittagong
0%
Coptic Nationalism
0%
Dankalia
0%
Danu
0%
Degar
0%
Dimasaland
0%
Druze
0%
East Frisia
0%
Etat Pied-Noir
0%
Fife
0%
Franche Comté
0%
Franconia
0%
Gabungan
0%
Garo
0%
Goa
0%
Gorkhaland
0%
Granada
0%
Gwynedd
0%
Hadhramaut
0%
Hmong
0%
Javakheti
0%
Jura
0%
Kabyila
0%
Kamtapur
0%
Kanagawa
0%
Karachi
0%
Kawthoolei
0%
Kayah
0%
Khmer Krom
0%
Khuzestan
0%
Kirat
0%
Kokang
0%
Kunama
0%
Ladakh
0%
Lezgistan
0%
Limousin
0%
Lusatia
0%
Madhesh
0%
Maluku
0%
Manchuria
0%
Manipur
0%
Masuria
0%
Matabeleland
0%
Meghalaya
0%
Mezzogiorno
0%
Minahasa
0%
Mizoram
0%
Mokshan
0%
Moro
0%
Mustang
0%
Naga
0%
New Federal State of China
0%
Niger Delta
0%
North East England
0%
Northern Kazakhstan
0%
Northern Ontario
0%
North Yemen
0%
Nyica
0%
Oduduwa
0%
Pa Laung
0%
Pa-O
0%
Partium
0%
Pashtunistan
0%
Pemba
0%
Picardy
0%
Pomerania
0%
Preševo
0%
Provence
0%
Punjab
0%
Rabha Hasong
0%
Rakhine
0%
Riau
0%
Rivers Delta
0%
Rojava
0%
Rol Naath
0%
Romagna
0%
Romanistan
0%
Rostov
0%
Ruthenia
0%
Saho
0%
Samogitia
0%
Santhal
0%
Shanghai
0%
Sidama
0%
Sindh
0%
Sinjar
0%
South Congo
0%
Southern Slovakia
0%
South Turkestan
0%
Sovereign State of Good Hope
0%
Talysh Mughan
0%
Tamil Nadu
0%
Telangana
0%
Tiwa
0%
Tripura
0%
Turkmeneli
0%
Ural
0%
Vidarbha
0%
Volkstaat
0%
Wa
0%
Western Armenia
0%
Zale N-Gam
0%
Zazaistan
0%
Zogam
0%
No matching quizzes found
Score Distribution
Percent of People with Each Score
Percentile by Number Answered
Your Score History
You have not taken this quiz